Upgrading and repairing laptops / (Record no. 136599)

MARC details
000 -LEADER
fixed length control field 00614nam a2200205 4500
010 ## - LIBRARY OF CONGRESS CONTROL NUMBER
LC control number B-121326
020 ## - INTERNATIONAL STANDARD BOOK NUMBER
International Standard Book Number 8176357227
Terms of availability 597.00
035 ## - SYSTEM CONTROL NUMBER
System control number B-121326
037 ## - SOURCE OF ACQUISITION
Source of stock number/acquisition Cen Lib / Ret
040 ## - CATALOGING SOURCE
Original cataloging agency DPL
Language of cataloging EN
082 ## - DEWEY DECIMAL CLASSIFICATION NUMBER
Classification number 005.16
Item number MUE
100 ## - MAIN ENTRY--PERSONAL NAME
Personal name Mueller, Scott
245 ## - TITLE STATEMENT
Title Upgrading and repairing laptops /
Statement of responsibility, etc by Scott Mueller
260 ## - PUBLICATION, DISTRIBUTION, ETC. (IMPRINT)
Place of publication, distribution, etc Delhi
Name of publisher, distributor, etc IUE Corporation Pearson
Date of publication, distribution, etc 2004
270 ## - ADDRESS
Address G C. Jain for Techmedia
City Delhi
300 ## - PHYSICAL DESCRIPTION
Extent viii, 881p
Other physical details 24cm(Hb)
650 ## - SUBJECT ADDED ENTRY--TOPICAL TERM
Topical term or geographic name as entry element Laptop computers -- Maintenance and repair.
650 ## - SUBJECT ADDED ENTRY--TOPICAL TERM
Topical term or geographic name as entry element Computer hardware
942 ## - ADDED ENTRY ELEMENTS (KOHA)
Source of classification or shelving scheme Dewey Decimal Classification
Koha item type English Books
Classification part 005.16
Call number suffix MUE
Holdings
Withdrawn status Lost status Damaged status Not for loan Home library Current library Date acquired Source of acquisition Cost, normal purchase price Total Checkouts Full call number Barcode Date last seen Cost, replacement price Price effective from Koha item type
        Central Library Central Library 05/03/2016 Cen Lib/Ret 597.00   005.16 MUE B-121326 05/03/2016 597.00 05/03/2016 English Books

© Delhi Public Library
Hit Counter
free hit counter